• 首页
  • 本馆介绍
  • 公告通知
  • 最新文献
  • 馆藏检索
  • 电子资源
  • 读者导购
  • 参考咨询
  • 我的图书馆
  • 登录
  • 详细信息显示
  • 放入我的书架
  • 预约/预借图书
  • 作者相关作品
  • 分类相关作品
  • 丛书相关作品
  • 出版社相关作品

书目信息

  • 表格格式
  • 工作单格式
  • 卡片格式
题名:
电动力学
    
 
作者: 尹真 编著
分册:  
出版信息: 南京   南京大学出版社  1999
页数: 407页
开本: 20cm
丛书名:
单 册:
中图分类: O44
科图分类:
主题词: 电动力学
电子资源:
ISBN: 7-305-03220-4
000 00669nam0 2200217 45
001 020000029440
005 20051008110251.40
010    @a7-305-03220-4@dCNY17.00
100    @a20050122e20031999ekmy0chiy0120 ea
101 0  @achi
102    @aCN@b320000
105    @ay z 000yy
200 1  @a电动力学@9dian dong li xue@f尹真编著@Fyin zhen bian zhu
210    @a南京@c南京大学出版社@d1999@h2003重印
215    @a407页@d20cm
330    @a本书介绍电磁场和电磁波的基本理论、方法和应用,特别介绍了许多与当代科学研究、科技前沿相关的新题材。
606 0  @a电动力学
690    @aO44@v4
701  0 @a尹真@Ayin zhen@4编著
801  0 @aCN@bTSSF@c20051008
905    @a10447@dO44@e4
    
    电动力学/尹真编著.-南京:南京大学出版社,1999(2003重印)
    407页;20cm
    
    
    ISBN 7-305-03220-4:CNY17.00
    本书介绍电磁场和电磁波的基本理论、方法和应用,特别介绍了许多与当代科学研究、科技前沿相关的新题材。
●
相关链接 在E读中查询图书 在五车中查询图书 在当当中查询图书 在豆瓣中查询图书


正题名:电动力学     索取号:O44/4         预约/预借

序号 登录号 条形码 馆藏地/架位号 状态 备注
1 0364569   3645693   第二样本阅览室/ [索取号:O44/4] 在馆    
2 0364570   3645700   第三借阅区/ [索取号:O44/4] 在馆    
3 0364571   3645719   第三借阅区/ [索取号:O44/4] 在馆    
4 0364572   3645728   第三借阅区/ [索取号:O44/4] 在馆    
5 0364573   3645737   第三借阅区/ [索取号:O44/4] 在馆    
6 0364574   3645746   第三借阅区/ [索取号:O44/4] 在馆    
7 0364575   3645755   第三借阅区/ [索取号:O44/4] 在馆    
8 0364576   3645764   第三借阅区/ [索取号:O44/4] 在馆    
唐山师范学院图书馆 欢迎您!
大连网信软件有限公司© 版权所有